| 000 | 01227nam a2200229Ia 4500 | ||
|---|---|---|---|
| 001 | L235-8338 | ||
| 003 | IT-CnALBA | ||
| 008 | 170116s9999||||xx |||||||||||||| ||und|| | ||
| 040 |
_aIT-CnALBA _cIT-CnALBA |
||
| 041 | _aITALIANO | ||
| 100 | _aMONDRONE P. DOMENICO, SJ. | ||
| 245 | 0 | _aI SANTI CI SONO ANCORA. VOL. III. | |
| 250 | _a1a ed. | ||
| 260 |
_a ROMA _bPRO SANCTITATE EDIZIONI _c1978 [1° Ed.:1978 - Ed.Ling.Originale: 1978] |
||
| 300 | _a448 p. (prefazione: 510) | ||
| 500 | _aPRESENTAZIONE DI P. BARTOLOMEO SORGE, SJ. JACQUES FESCH. ADENAUER KONRAD. PATERNO' CASTELLO ANGELINA. DOM CHAUTARD. LONGHIN ANDREA GIACINTO. BULLESI EGIDIO. SCHUMANN ROBERT. MUSCO TERESA. DON GIUSEPPE CANOVAI. ITALA MELA. TINCANI LUIGIA. MIMMO CARBONE. BO | ||
| 501 | _aSocietà San Paolo EM - Piazza San Paolo, 14 - 12051 ALBA (CN) (non commercial uses only) ® Copyright 2017 | ||
| 520 | _aPRESENTAZIONE DI P. BARTOLOMEO SORGE, SJ. JACQUES FESCH. ADENAUER KONRAD. PATERNO' CASTELLO ANGELINA. DOM CHAUTARD. LONGHIN ANDREA GIACINTO. BULLESI EGIDIO. SCHUMANN ROBERT. MUSCO TERESA. DON GIUSEPPE CANOVAI. ITALA MELA. TINCANI LUIGIA. MIMMO CARBONE. BO | ||
| 650 | _aMARIA SS. ANGELI SANTI DEMONI | ||
| 942 | _cBK | ||
| 957 | _71 | ||
| 999 |
_a9314 _bNO _g Copie: 1 _c267516 _d267516 |
||